000 003020000a22001450004500
003 MACL
040 _aMACL
090 _c8372
_d8371
100 _aBiju, M.R.
245 _aWomen's Empowerment
260 _bMittal Publication
_c2006
350 _a550
650 _aPolitical Science
942 _cBOOK
_k320
999 _c8319
_d8319